| 000 | 00582nam a22002057a 4500 | ||
|---|---|---|---|
| 003 | OSt | ||
| 005 | 20160629140921.0 | ||
| 008 | 160629b xxu||||| |||| 00| 0 eng d | ||
| 020 | _a0471971448 | ||
| 040 | _cDDC | ||
| 082 | _a530.4 GEO 1998 | ||
| 100 |
_aGeotzberger, Adolf; Knobloch, Joachim; Voss, Bernhard _99727 |
||
| 245 | _aCrystalline Silicon Solar Cells | ||
| 260 | _aChichester; John Wiley, 1998 | ||
| 300 | _axvi,237p; ill: 24cm | ||
| 504 | _aAppendice, & index included | ||
| 650 |
_aSolar system _99728 |
||
| 650 |
_aCrystalline Silicon _99729 |
||
| 942 |
_2z _cO_SHELF |
||
| 999 |
_c4538 _d4538 |
||